000 00524nam a22001817a 4500
999 _c442628
_d442628
003 UA-OsUOA
005 20191025115433.0
008 191025b un ||||| |||| 00| 0 ukr d
040 _aUA-OsUOA
_bukr
_cUA-OsUOA
_dUA-OsUOA
041 _aukr
080 _a821.161.32
090 _a821.161.2
_bЗ-12
245 _aЗабута земля
_bзбірник творів зарубіжних письменників
260 _aУжгород
_bКарпати
_c1982
300 _a383 с.
942 _2udc
_cBK
955 _a3